[Event "Puchko mem"]
[Site "Alushta"]
[Date "2000.03.23"]
[Round "5"]
[White "Alexandrova, Olga"]
[Black "Kovalev, Andrei"]
[Result "0-1"]
[WhiteElo "2400"]
[BlackElo "2490"]
[PlyCount "58"]
[EventDate "2000.03.22"]
[Source "ChessBase"]
[SourceDate "2000.05.11"]

1. d4 Nf6 2. c4 g6 3. Nc3 Bg7 4. e4 d6 5. f3 O-O 6. Be3 e5 7. d5 Nh5 8. Qd2 f5 9. O-O-O a6 10. c5 Nd7 11. b4 a5 12. a3 axb4 13. axb4 fxe4 14. Nxe4 Ndf6 15. Ne2 Ra4 16. Qb2 Nxe4 17. fxe4 Bg4 18. Rd2 dxc5 19. Bxc5 Bh6 20. Nc3 Ra8 21. Bxf8 Qxf8 22. Bc4 Bxd2+ 23. Kxd2 Qf2+ 24. Kc1 Qd4 25. Bb3 Nf4 26. Bc2 Ne2+ 27. Nxe2 Ra1+ 28. Bb1 Qe3+ 29. Kc2 Qxe2+ 0-1

[Event "XXIV Open"]
[Site "Cappelle La Grande FRA"]
[Date "2008.02.18"]
[Round "4"]
[White "Foisor, S."]
[Black "Li Shilong"]
[Result "0-1"]
[WhiteElo "2386"]
[BlackElo "2502"]
[PlyCount "110"]
[EventDate "2008.02.16"]
[Source "www.chesslib.no"]
[SourceDate "2004.05.04"]

1. d4 Nf6 2. c4 g6 3. Nc3 Bg7 4. e4 O-O 5. Be3 d6 6. f3 e5 7. d5 Nh5 8. Qd2 f5 9. O-O-O a6 10. Bd3 c5 11. Nge2 b5 12. cxb5 axb5 13. Bxb5 Na6 14. a3 Nc7 15. Bc4 Ba6 16. Qd3 Kh8 17. Kc2 Qd7 18. Rb1 fxe4 19. fxe4 Nf4 20. Nxf4 exf4 21. Bd2 Bxc4 22. Qxc4 Qg4 23. Qe2 f3 24. gxf3 Rxf3 25. Rbe1 Qh3 26. Rhf1 Raf8 27. Rxf3 Rxf3 28. a4 Rf8 29. Rg1 Be5 30. Rg2 Na6 31. Rf2 Nb4+ 32. Kd1 Rxf2 33. Qxf2 Kg7 34. Qe3 Qf1+ 35. Qe1 Qd3 36. Qe3 Qxe3 37. Bxe3 Bxh2 38. Nb5 Na6 39. Ke2 Kf6 40. Kf3 h5 41. Bh6 Be5 42. b3 g5 43. Bf8 g4+ 44. Ke2 h4 45. Bxd6 h3 46. Kf2 g3+ 47. Kg1 Nb4 48. Bxe5+ Kxe5 49. Nc3 Nd3 50. Ne2 h2+ 51. Kg2 Nf4+ 52. Nxf4 Kxf4 53. d6 Ke3 54. d7 h1=Q+ 55. Kxh1 Kf2 0-1

[Event "Tatran Cup"]
[Site "Stary Smokovec SVK"]
[Date "1987.??.??"]
[Round "?"]
[White "Polgar, Zsuzsa"]
[Black "Tibensky, Robert"]
[Result "1-0"]
[WhiteElo "2495"]
[BlackElo "2390"]
[PlyCount "69"]
[EventDate "1987.10.??"]
[Source "www.chesslib.no"]
[SourceDate "2004.05.04"]

1. d4 Nf6 2. c4 g6 3. Nc3 Bg7 4. e4 d6 5. f3 O-O 6. Be3 e5 7. d5 Nh5 8. Qd2 Qh4+ 9. Bf2 Qe7 10. O-O-O f5 11. Be3 Nd7 12. Bd3 Ndf6 13. Nge2 f4 14. Bf2 Ne8 15. Kb1 Rf7 16. Nc1 Nhf6 17. Bc2 a6 18. Nd3 c5 19. dxc6 bxc6 20. Ba4 Bd7 21. Nb4 Rc8 22. c5 dxc5 23. Nxa6 c4 24. Nc5 Bf8 25. Qe2 Be6 26. Rd2 Nd6 27. Rhd1 Nb7 28. Nxe6 Qxe6 29. Rc1 Ra8 30. Bd1 Nc5 31. Qf1 Nfd7 32. Be2 Nb6 33. Nd1 Rxa2 34. Bxc5 Bxc5 35. Bxc4 1-0

[Event "Politiken Cup"]
[Site "Copenhagen DEN"]
[Date "1991.??.??"]
[Round "?"]
[White "Martynov, Pavel"]
[Black "Berg, Klaus"]
[Result "1-0"]
[WhiteElo "2465"]
[BlackElo "2420"]
[PlyCount "69"]
[EventDate "1991.??.??"]
[Source "www.chesslib.no"]
[SourceDate "2004.05.04"]

1. d4 d6 2. c4 g6 3. Nc3 Bg7 4. e4 Nf6 5. f3 O-O 6. Be3 e5 7. d5 Nh5 8. g4 Nf4 9. Nge2 f5 10. gxf5 gxf5 11. Ng3 Qh4 12. Qd2 fxe4 13. Ncxe4 Bf5 14. O-O-O Bg6 15. Bf2 Qe7 16. h4 Bh6 17. Be3 Nd7 18. h5 Bf5 19. Nxf5 Rxf5 20. Bh3 Rff8 21. Ng3 Bg5 22. h6 Nxh3 23. Rxh3 Bxe3 24. Qxe3 Kh8 25. Rg1 Rf4 26. Ne4 Nf8 27. Rg7 Rf7 28. Rg4 Ng6 29. Rhg3 b6 30. Ng5 Rf6 31. Ne6 a5 32. Qc3 Re8 33. f4 Qf7 34. Rf3 exf4 35. Rgxf4 1-0

[Event "Forli Open"]
[Site "Forli"]
[Date "1991.??.??"]
[Round "8"]
[White "Belotti, Bruno"]
[Black "Berg, Klaus"]
[Result "1-0"]
[WhiteElo "2460"]
[BlackElo "2420"]
[PlyCount "69"]
[EventDate "1991.09.??"]
[Source "www.chesslib.no"]
[SourceDate "2004.05.04"]

1. d4 Nf6 2. c4 g6 3. Nc3 Bg7 4. e4 d6 5. f3 O-O 6. Be3 e5 7. d5 Nh5 8. Qd2 Qh4+ 9. Bf2 Qe7 10. O-O-O f5 11. Kb1 Nd7 12. Nge2 Ndf6 13. exf5 gxf5 14. Bh4 Qf7 15. g3 a6 16. h3 Bd7 17. g4 Nf4 18. Nxf4 exf4 19. Bd3 b5 20. Qxf4 bxc4 21. Qxc4 Bb5 22. Nxb5 axb5 23. Qb3 Nd7 24. Bxf5 Nc5 25. Qc2 b4 26. Rhe1 Kh8 27. Re7 Qg8 28. Bf2 Rxa2 29. Rxg7 Qxg7 30. Bd4 Qxd4 31. Rxd4 Rfa8 32. Qe2 Ra1+ 33. Kc2 Rc1+ 34. Kd2 Nb3+ 35. Ke3 1-0

[Event "Kopavogur"]
[Site "Kopavogur"]
[Date "1994.??.??"]
[Round "?"]
[White "Stefansson, Hannes"]
[Black "Gretarsson, Andri A"]
[Result "1/2-1/2"]
[WhiteElo "2525"]
[BlackElo "2355"]
[PlyCount "139"]
[EventDate "1994.04.??"]
[Source "ChessBase"]

1. d4 Nf6 2. c4 g6 3. Nc3 Bg7 4. e4 O-O 5. Be3 d6 6. f3 e5 7. d5 Nh5 8. Qd2 f5 9. O-O-O f4 10. Bf2 Bf6 11. Qe1 Rf7 12. Kb1 Nd7 13. Nge2 a5 14. Nc1 Nc5 15. b3 Be7 16. Nd3 Nxd3 17. Bxd3 Bd7 18. Bc2 Kh8 19. Kb2 b6 20. Nb5 Ng7 21. Qe2 Nh5 22. Be1 Rf8 23. Rd3 Nf6 24. Bd2 g5 25. g4 h6 26. h4 Kg7 27. Qh2 Bxb5 28. cxb5 Rh8 29. Rc3 Qd7 30. Rc6 Rh7 31. Qe2 Bd8 32. b4 axb4 33. Bxb4 Kg8 34. h5 Ne8 35. a4 Qc8 36. Ra1 Rd7 37. Ra3 Kf7 38. Qc4 Qb7 39. Qa2 Ra7 40. Bd3 Qa8 41. Be1 Bf6 42. a5 Bd8 43. Bf2 Qb8 44. Rc4 Kf8 45. Rca4 Qb7 46. Qc4 Ke7 47. Qc6 Qb8 48. Be1 Nf6 49. Bc4 Ng8 50. Bc3 bxa5 51. Bxa5 Ke8 52. Bb4 Rxa4 53. Rxa4 Qb6 54. Qxb6 cxb6 55. Ra8 Nf6 56. Rb8 Ke7 57. Be2 Ne8 58. Be1 Ra7 59. Bf2 Bc7 60. Rxb6 Bxb6 61. Bxb6 Rb7 62. Ba5 Nc7 63. b6 Na8 64. Ba6 Rxb6+ 65. Bxb6 Nxb6 66. Bb5 Nd7 67. Bxd7 Kxd7 68. Kb3 Kc7 69. Ka4 Kb6 70. Kb4 1/2-1/2

[Event "It Open"]
[Site "It (open)"]
[Date "1984.??.??"]
[Round "159"]
[White "Ree, Hans"]
[Black "Hoi, Carsten"]
[Result "1-0"]
[WhiteElo "2480"]
[BlackElo "2400"]
[PlyCount "45"]
[EventDate "1984.??.??"]
[Source "www.chesslib.no"]
[SourceDate "2004.05.04"]

1. d4 Nf6 2. c4 g6 3. Nc3 Bg7 4. e4 d6 5. f3 O-O 6. Be3 a6 7. Qd2 e5 8. d5 c5 9. Bd3 Nbd7 10. Nge2 Nh5 11. O-O-O b5 12. cxb5 axb5 13. Nxb5 Nb6 14. Nec3 Ba6 15. b3 Qd7 16. a4 Rfb8 17. Kb2 Nf4 18. Bf1 c4 19. Bxc4 Nxc4+ 20. bxc4 Bxb5 21. axb5 Qc7 22. Ra1 Qxc4 23. b6 1-0